Patkau Architects : Material Operations (Record no. 9507)

000 -LEADER
fixed length control field 00383nam a2200145 4500
003 - CONTROL NUMBER IDENTIFIER
control field OSt
005 - DATE AND TIME OF LATEST TRANSACTION
control field 20210630105124.0
008 - FIXED-LENGTH DATA ELEMENTS--GENERAL INFORMATION
fixed length control field 210630b ||||| |||| 00| 0 eng d
020 ## - INTERNATIONAL STANDARD BOOK NUMBER
International Standard Book Number 9781616895709
082 ## - DEWEY DECIMAL CLASSIFICATION NUMBER
Classification number 720.922
Item number PAT
100 ## - MAIN ENTRY--PERSONAL NAME
Personal name Architects, Patkau
245 ## - TITLE STATEMENT
Title Patkau Architects : Material Operations
260 ## - PUBLICATION, DISTRIBUTION, ETC. (IMPRINT)
Place of publication, distribution, etc New York
Name of publisher, distributor, etc Princeton Architectural press
Date of publication, distribution, etc 2017
942 ## - ADDED ENTRY ELEMENTS (KOHA)
Source of classification or shelving scheme
Holdings
Withdrawn status Lost status Source of classification or shelving scheme Damaged status Koha normalized classification for sorting Not for loan Permanent location Current location Date acquired Full call number Barcode Date last seen Price effective from Koha item type
        720_922000000000000_PAT   BMS College of Architecture, Design and Planning BMS College of Architecture, Design and Planning 2021-06-30 720.922 PAT AR-UG2164 2021-06-30 2021-06-30 UG Books
Copyright © 2025, The Librarian, Library and Information Centre, BMSCA D&P, Bengaluru. All Rights Reserved
web counter

Powered by Koha